[Event "NED-chT 0607"]
[Site "Netherlands"]
[Date "2006.10.14"]
[Round "2.7"]
[White "Douven, Rudy C"]
[Black "Willemze, Jeroen"]
[Result "1/2-1/2"]
[WhiteElo "2399"]
[BlackElo "2423"]
[PlyCount "65"]
[EventDate "2006.09.23"]
[EventType "team-tourn"]
[EventRounds "9"]
[EventCountry "NED"]
[SourceTitle "CBM 115 Extra"]
[Source "ChessBase"]
[SourceDate "2007.01.10"]
[SourceVersion "1"]
[SourceVersionDate "2007.01.10"]
[SourceQuality "1"]
[WhiteTeam "Hilversum HSG"]
[BlackTeam "Utrecht"]
[WhiteTeamCountry "NED"]
[BlackTeamCountry "NED"]

1. d4 d5 2. c4 c6 3. e3 Nf6 4. Nc3 a6 5. Nf3 e6 6. b3 Bb4 7. Bd2 0-0 8. Bd3 Nbd7 9. 0-0 Bd6 10. e4 dxc4 11. bxc4 e5 12. dxe5 Nxe5 13. Be2 Be6 14. Nxe5 Bxe5 15. Qc2 Qd4 16. Rad1 b5 17. Kh1 Bxc4 18. Be1 Qa7 19. Bxc4 bxc4 20. Na4 Rad8 21. Bb4 Rfe8 22. Bc5 Qb8 23. Rb1 Qc8 24. Qxc4 Qg4 25. Rfe1 Qh4 26. h3 Qf4 27. g3 Qf3+ 28. Kg1 Rd3 29. Rb3 Red8 30. Rxd3 Qxd3 31. Qxd3 Rxd3 32. Re2 h5 33. h4 1/2-1/2

[Event "NED-chT 0102"]
[Site "Netherlands"]
[Date "2001.11.03"]
[Round "2.6"]
[White "Douven, Rudy C"]
[Black "Janse, Paul"]
[Result "1-0"]
[WhiteElo "2401"]
[BlackElo "2272"]
[PlyCount "64"]
[EventDate "2001.09.29"]
[EventType "team-tourn"]
[EventRounds "9"]
[EventCountry "NED"]
[SourceTitle "EXT 2003"]
[Source "ChessBase"]
[SourceDate "2002.11.25"]
[SourceVersion "1"]
[SourceVersionDate "2002.11.25"]
[SourceQuality "1"]
[WhiteTeam "Hilversum HSG"]
[BlackTeam "Amsterdam Max Euwe"]
[WhiteTeamCountry "NED"]
[BlackTeamCountry "NED"]

1. d4 d5 2. c4 Nc6 3. cxd5 Qxd5 4. e3 e5 5. Nc3 Bb4 6. Bd2 Bxc3 7. bxc3 Nge7 8. c4 Qd6 9. d5 Nb8 10. Ne2 f5 11. Nc3 c6 12. Be2 0-0 13. Qb3 Kh8 14. 0-0 Nd7 15. f4 e4 16. Rfd1 Nc5 17. Qa3 b6 18. Na4 cxd5 19. Bb4 a5 20. Bc3 Bd7 21. Nxc5 bxc5 22. Rab1 Qc7 23. cxd5 Ng6 24. d6 Qc8 25. Rd5 Rb8 26. Rbd1 Rb4 27. Bxb4 cxb4 28. Qxa5 Qc2 29. Kf2 Nxf4 30. exf4 e3+ 31. Kf1 Bc6 32. d7 Bxd5 1-0

[Event "NED-chT 9900"]
[Site "Netherlands"]
[Date "2000.05.20"]
[Round "9"]
[White "Douven, Rudy C"]
[Black "Kerkhoff, Leo"]
[Result "1-0"]
[WhiteElo "2389"]
[BlackElo "2265"]
[PlyCount "70"]
[EventDate "2000.02.05"]
[EventType "team-tourn"]
[EventRounds "9"]
[EventCountry "NED"]
[SourceTitle "CBM 076 Extra"]
[Source "ChessBase"]
[SourceDate "2000.07.11"]
[SourceVersion "1"]
[SourceVersionDate "2000.07.11"]
[SourceQuality "1"]
[WhiteTeam "Hilversum HSG"]
[BlackTeam "Rotterdam"]
[WhiteTeamCountry "NED"]
[BlackTeamCountry "NED"]

1. d4 Nf6 2. Nf3 g6 3. c4 Bg7 4. Nc3 0-0 5. e4 d6 6. Be2 e5 7. 0-0 c6 8. dxe5 dxe5 9. Qxd8 Rxd8 10. Nxe5 Nxe4 11. Nxe4 Bxe5 12. Bg5 Rf8 13. Rad1 Kg7 14. Bc1 f5 15. f4 Bc7 16. Nd6 Na6 17. b3 Bxd6 18. Rxd6 Re8 19. Bb2+ Kf7 20. Be5 Be6 21. Rfd1 Nc5 22. Bf3 Re7 23. Bd4 Nd7 24. h3 Nf6 25. Bc3 Rd7 26. Rxd7+ Nxd7 27. g4 Nf6 28. g5 Ne4 29. Be5 Ke7 30. Rd3 a5 31. a4 Bd7 32. Bc7 b5 33. cxb5 cxb5 34. axb5 Bxb5 35. Rd5 Bc6 1-0

[Event "NED-chT 9900"]
[Site "Netherlands"]
[Date "2000.02.06"]
[Round "2"]
[White "Werle, Jan"]
[Black "Douven, Rudy C"]
[Result "1/2-1/2"]
[WhiteElo "2311"]
[BlackElo "2389"]
[PlyCount "84"]
[EventDate "2000.02.05"]
[EventType "team-tourn"]
[EventRounds "9"]
[EventCountry "NED"]
[SourceTitle "CBM 074 Extra"]
[Source "ChessBase"]
[SourceDate "2000.03.10"]
[SourceVersion "2"]
[SourceVersionDate "2000.03.10"]
[SourceQuality "1"]
[WhiteTeam "Groningen"]
[BlackTeam "Hilversum HSG"]
[WhiteTeamCountry "NED"]
[BlackTeamCountry "NED"]

1. e4 c6 2. d4 d5 3. Nd2 dxe4 4. Nxe4 Bf5 5. Ng3 Bg6 6. Nf3 Nf6 7. h4 h6 8. h5 Bh7 9. Bd3 Bxd3 10. Qxd3 e6 11. Bd2 c5 12. 0-0-0 Nc6 13. Bc3 Qd5 14. dxc5 Qxd3 15. Rxd3 Bxc5 16. Bxf6 gxf6 17. Ne4 Be7 18. Rhd1 f5 19. Nd6+ Bxd6 20. Rxd6 Rd8 21. Rxd8+ Nxd8 22. Ne5 Rg8 23. g3 Rg7 24. Nc4 a6 25. Nd6+ Ke7 26. Nc8+ Ke8 27. Nd6+ Ke7 28. c4 Rg5 29. b4 Rxh5 30. c5 Rg5 31. Nc8+ Ke8 32. Nd6+ Ke7 33. Kb2 Rg4 34. Kb3 f4 35. Nc8+ Ke8 36. Nd6+ Ke7 37. Rd3 fxg3 38. fxg3 h5 39. Nc8+ Ke8 40. Nd6+ Ke7 41. Nc8+ Ke8 42. Nd6+ Ke7 1/2-1/2

[Event "NED-chT"]
[Site "Netherlands"]
[Date "1998.??.??"]
[Round "?"]
[White "Van der Wiel, John"]
[Black "Douven, Rudy C"]
[Result "1-0"]
[WhiteElo "2525"]
[BlackElo "2425"]
[PlyCount "39"]
[EventDate "1998.??.??"]
[EventType "team"]
[EventRounds "9"]
[EventCountry "NED"]
[SourceTitle "EXT 2007"]
[Source "ChessBase"]
[SourceDate "2006.11.23"]
[SourceVersion "1"]
[SourceVersionDate "2006.11.23"]
[SourceQuality "1"]

1. e4 c6 2. Nf3 d5 3. Nc3 g6 4. d4 Bg4 5. h3 Bxf3 6. Qxf3 e6 7. Bf4 Bg7 8. 0-0-0 Nd7 9. exd5 cxd5 10. Nb5 Kf8 11. Qa3+ Ne7 12. Bc7 Qc8 13. Bd6 Qd8 14. Rd3 Bf6 15. Bc7 Qc8 16. Rc3 Kg7 17. Nd6 Qf8 18. Bb5 Nb6 19. Rf3 a6 20. Rxf6 1-0

[Event "NED-chT f"]
[Site "Breda"]
[Date "1997.??.??"]
[Round "2"]
[White "Blees, Albert"]
[Black "Douven, Rudy C"]
[Result "0-1"]
[WhiteElo "2405"]
[BlackElo "2415"]
[PlyCount "50"]
[EventDate "1997.05.31"]
[EventType "team"]
[EventRounds "1"]
[EventCountry "NED"]
[SourceTitle "CBM 058 Extra"]
[Source "ChessBase"]
[SourceDate "1997.07.29"]
[SourceVersion "1"]
[SourceVersionDate "1997.07.29"]
[SourceQuality "1"]
[WhiteTeam "Panfox"]
[BlackTeam "Hilversum HSG"]
[WhiteTeamCountry "NED"]
[BlackTeamCountry "NED"]

1. d4 Nf6 2. Bg5 g6 3. Bxf6 exf6 4. e3 Bg7 5. Bd3 f5 6. Ne2 d6 7. Nbc3 0-0 8. h4 a6 9. h5 b5 10. Nf4 Bb7 11. hxg6 hxg6 12. Rh3 Re8 13. Qd2 c5 14. 0-0-0 Nc6 15. Rdh1 Ne7 16. Rh7 Qa5 17. e4 cxd4 18. exf5 dxc3 19. Rxg7+ Kxg7 20. Ne6+ fxe6 21. Qh6+ Kf6 22. Qh4+ Ke5 23. Re1+ Kd5 24. Rxe6 cxb2+ 25. Kb1 Nxf5 0-1

[Event "NED-chT playoff"]
[Site "Breda"]
[Date "1996.05.??"]
[Round "3"]
[White "Van der Poel, Henk"]
[Black "Douven, Rudy C"]
[Result "0-1"]
[WhiteElo "2320"]
[BlackElo "2415"]
[PlyCount "104"]
[EventDate "1996.05.??"]
[EventType "team"]
[EventRounds "2"]
[EventCountry "NED"]
[SourceTitle "EXT 2002"]
[Source "ChessBase"]
[SourceDate "2001.11.25"]
[SourceVersion "1"]
[SourceVersionDate "2001.11.25"]
[SourceQuality "1"]

1. e4 g6 2. d4 Bg7 3. Nc3 c6 4. f4 d5 5. e5 Nh6 6. Be2 f6 7. Nf3 Bg4 8. 0-0 Nf5 9. Ne1 Bxe2 10. Nxe2 h5 11. Nf3 Nd7 12. g3 Nf8 13. h3 Qd7 14. Kg2 0-0-0 15. Qd3 Ne6 16. Bd2 Rdf8 17. Rh1 fxe5 18. fxe5 Bh6 19. Bxh6 Nxh6 20. Raf1 g5 21. Nd2 h4 22. Rxf8+ Rxf8 23. Rf1 hxg3 24. Rxf8+ Nxf8 25. Nxg3 Ne6 26. Ne2 Qe8 27. Nf3 Qh5 28. Nh2 Kd7 29. c3 Nf5 30. Nf3 g4 31. hxg4 Qxg4+ 32. Kf2 Qh3 33. Neg1 Qg3+ 34. Kf1 Qf4 35. Ne2 Qg4 36. Ke1 Nf4 37. Nxf4 Qxf4 38. Nd2 Ne3 39. Qe2 Qg3+ 40. Qf2 Qxf2+ 41. Kxf2 Nd1+ 42. Ke2 Nxb2 43. Nf3 b6 44. Ng5 c5 45. Kd2 Nc4+ 46. Kd3 Na3 47. Nh3 c4+ 48. Kd2 a5 49. Nf4 e6 50. Nh5 b5 51. Nf6+ Kd8 52. Kc1 b4 0-1

[Event "NED-ch51 sf"]
[Site "Enschede"]
[Date "1995.11.09"]
[Round "6"]
[White "Douven, Rudy C"]
[Black "Oei, Hway Ik"]
[Result "1-0"]
[WhiteElo "2410"]
[BlackElo "2235"]
[PlyCount "79"]
[EventDate "1995.11.03"]
[EventType "swiss"]
[EventRounds "9"]
[EventCountry "NED"]
[SourceTitle "EXT 1997"]
[Source "ChessBase"]
[SourceDate "1996.11.15"]
[SourceVersion "1"]
[SourceVersionDate "1996.11.15"]
[SourceQuality "1"]

1. d4 Nf6 2. c4 e6 3. Nf3 b6 4. g3 Bb7 5. Bg2 Be7 6. Nc3 0-0 7. Qc2 d5 8. cxd5 Nxd5 9. 0-0 Nd7 10. Rd1 N7f6 11. Bg5 h6 12. Bxf6 Bxf6 13. e4 Nxc3 14. bxc3 Qd7 15. e5 Be7 16. Ng5 Bxg5 17. Bxb7 Rab8 18. Qe4 Qa4 19. Bc6 Qc4 20. Qf3 b5 21. d5 Rb6 22. Rd4 Qc5 23. Rad1 a6 24. a4 bxa4 25. Bxa4 Rb2 26. Qd3 exd5 27. Bc2 g6 28. h4 Be7 29. Rxd5 Qb6 30. h5 Bc5 31. Rd2 Kh8 32. Re2 Rg8 33. hxg6 fxg6 34. e6 Be7 35. Rd7 Qc5 36. Qd4+ Qxd4 37. cxd4 Bd6 38. Bxg6 Rxg6 39. Rxb2 Rxe6 40. Rb8+ 1-0

[Event "NED-chT 9596"]
[Site "Netherlands"]
[Date "1995.??.??"]
[Round "?"]
[White "Okkes, Menno"]
[Black "Douven, Rudy C"]
[Result "1-0"]
[WhiteElo "2285"]
[BlackElo "2400"]
[PlyCount "89"]
[EventDate "1995.??.??"]
[EventType "team"]
[EventRounds "9"]
[EventCountry "NED"]
[SourceTitle "EXT 1999"]
[Source "ChessBase"]
[SourceDate "1998.11.16"]
[SourceVersion "1"]
[SourceVersionDate "1998.11.16"]
[SourceQuality "1"]

1. e4 c6 2. d4 d5 3. Nc3 dxe4 4. Nxe4 Bf5 5. Ng3 Bg6 6. h4 h6 7. Nf3 Nd7 8. h5 Bh7 9. Bd3 Bxd3 10. Qxd3 e6 11. Bf4 Qa5+ 12. Bd2 Qc7 13. 0-0-0 Ngf6 14. Ne4 0-0-0 15. g3 Nxe4 16. Qxe4 Nf6 17. Qe2 Bd6 18. Ne5 Rhe8 19. Nc4 e5 20. Nxd6+ Qxd6 21. dxe5 Qxe5 22. Qc4 Re6 23. Qa4 a6 24. Bf4 Rxd1+ 25. Rxd1 Qc5 26. Be3 Qe7 27. Qd4 Re4 28. Qa7 Nd5 29. Bc5 Qe5 30. Qa8+ Qb8 31. Qxb8+ Kxb8 32. Bf8 Rg4 33. f3 Rg5 34. g4 Kc8 35. c4 Nf4 36. Bd6 Ne6 37. b3 b6 38. Rg1 Kd7 39. Rd1 Kc8 40. a4 c5 41. Rg1 Kd7 42. f4 Rxg4 43. Rxg4 Kxd6 44. f5 Ng5 45. Rxg5 1-0

[Event "Groningen op"]
[Site "Groningen"]
[Date "1994.??.??"]
[Round "2"]
[White "Beshukov, Sergei"]
[Black "Douven, Rudy C"]
[Result "1-0"]
[WhiteElo "2495"]
[BlackElo "2400"]
[PlyCount "49"]
[EventDate "1994.12.??"]
[EventType "swiss"]
[EventRounds "11"]
[EventCountry "NED"]
[SourceTitle "CBM 045 Extra"]
[Source "ChessBase"]
[SourceDate "1995.05.01"]
[SourceVersion "1"]
[SourceVersionDate "1995.05.01"]
[SourceQuality "1"]

1. d4 Nf6 2. Bg5 e6 3. e4 h6 4. Bxf6 Qxf6 5. Nc3 d6 6. Qd2 g6 7. 0-0-0 Bg7 8. e5 Qe7 9. f4 0-0 10. h4 Nc6 11. Ne4 b6 12. Nf3 Bb7 13. Bd3 dxe5 14. fxe5 Nb4 15. h5 Nxd3+ 16. Qxd3 Bxe4 17. Qxe4 g5 18. Nh2 c5 19. Ng4 Rad8 20. Rhf1 Rxd4 21. Rxd4 cxd4 22. Rf6 Qc5 23. Nxh6+ Bxh6 24. Rxh6 f5 25. Rg6+ 1-0

[Event "NED-chT 9495"]
[Site "Netherlands"]
[Date "1994.??.??"]
[Round "6"]
[White "Douven, Rudy C"]
[Black "Bertholee, Rob"]
[Result "1/2-1/2"]
[WhiteElo "2390"]
[BlackElo "2335"]
[PlyCount "220"]
[EventDate "1994.??.??"]
[EventType "team"]
[EventRounds "9"]
[EventCountry "NED"]
[SourceTitle "EXT 1998"]
[Source "ChessBase"]
[SourceDate "1997.11.17"]
[SourceVersion "1"]
[SourceVersionDate "1997.11.17"]
[SourceQuality "1"]

1. d4 Nf6 2. c4 g6 3. Nc3 Bg7 4. e4 0-0 5. Nf3 d6 6. Be2 c5 7. 0-0 cxd4 8. Nxd4 Nc6 9. Be3 Bd7 10. Qd2 Nxd4 11. Bxd4 Bc6 12. f3 Nd7 13. Be3 a5 14. Rac1 Nc5 15. Rfd1 b6 16. b3 Qb8 17. Nd5 Qb7 18. h4 h5 19. Bg5 Rfe8 20. Kh1 Rad8 21. Qe3 Kh7 22. Rc2 Ne6 23. Qf2 Nxg5 24. hxg5 Rb8 25. Bd3 Rh8 26. a4 h4 27. Re2 Qd7 28. Bc2 Qd8 29. f4 e6 30. Ne3 Rb7 31. Ng4 Rd7 32. Rd3 e5 33. Rh3 Kg8 34. Rxh4 exf4 35. Rxh8+ Bxh8 36. Qxf4 Be5 37. Qe3 Kg7 38. Rf2 Qh8+ 39. Qh3 Qxh3+ 40. gxh3 Bd4 41. Rd2 Bc3 42. Re2 Re7 43. Bd3 Re8 44. Kg2 Rh8 45. Kg3 Bd7 46. h4 Be6 47. Re3 Bd2 48. Re2 Bc3 49. Re3 Bd2 50. Re2 Bb4 51. Nh2 Bc3 52. Nf3 Bc8 53. Re3 Bb7 54. Bf1 Bb2 55. Bg2 Re8 56. Re2 Bc3 57. Re3 Bb4 58. Kf4 Ba3 59. Re1 Bb4 60. Re3 Re7 61. Bf1 Ba3 62. Re1 Bb4 63. Re2 Kf8 64. Ne1 d5 65. Nd3 dxc4 66. Nxb4 axb4 67. bxc4 Bc6 68. Bg2 b3 69. e5 Bxg2 70. Rxg2 Rc7 71. Ke3 Rxc4 72. Rb2 Rxh4 73. Kd3 Rb4 74. Kc3 Rxa4 75. Rxb3 Re4 76. Rb5 Ke7 77. Kd3 Rg4 78. Rxb6 Rxg5 79. Ke4 Rf5 80. Rb7+ Kf8 81. Ra7 Rf1 82. Kd4 Re1 83. Ra6 Rf1 84. Ra7 Re1 85. Ra6 g5 86. Rf6 Ke7 87. Rf5 g4 88. Rg5 Ra1 89. Ke3 Ra4 90. Kf2 Ke6 91. Kg3 Re4 92. Rg7 Re1 93. Kg2 Rxe5 94. Rxg4 Kf5 95. Ra4 Re4 96. Ra3 Kg5 97. Kf3 Rh4 98. Kg3 f5 99. Rb3 f4+ 100. Kg2 Kg4 101. Ra3 Rh8 102. Kf2 Rh2+ 103. Kg1 Rb2 104. Kf1 Kf5 105. Ra5+ Ke4 106. Ra4+ Kf3 107. Ra3+ Kg4 108. Rc3 Rb4 109. Ra3 Kf5 110. Rc3 Ke4 1/2-1/2

[Event "Groningen op"]
[Site "Groningen"]
[Date "1994.??.??"]
[Round "3"]
[White "Douven, Rudy C"]
[Black "Mathonia, Claude"]
[Result "1-0"]
[WhiteElo "2400"]
[BlackElo "2220"]
[PlyCount "85"]
[EventDate "1994.12.??"]
[EventType "swiss"]
[EventRounds "11"]
[EventCountry "NED"]
[SourceTitle "EXT 1997"]
[Source "ChessBase"]
[SourceDate "1996.11.15"]
[SourceVersion "1"]
[SourceVersionDate "1996.11.15"]
[SourceQuality "1"]

1. d4 d5 2. c4 dxc4 3. Nf3 Nf6 4. e3 e6 5. Bxc4 c5 6. 0-0 Nc6 7. Qe2 a6 8. Rd1 b5 9. Bd3 c4 10. Bc2 Nb4 11. Nc3 Nxc2 12. Qxc2 Bb7 13. d5 Qb6 14. e4 Bc5 15. Bg5 0-0 16. Rd2 Nd7 17. Re1 f6 18. Be3 Bxe3 19. Rxe3 Rfe8 20. dxe6 Qxe6 21. Nd4 Qe5 22. Ndxb5 axb5 23. Rxd7 Bc6 24. Rd1 Red8 25. a3 Rd4 26. Rxd4 Qxd4 27. Re1 Re8 28. Qe2 Qe5 29. Qe3 Rd8 30. Qb6 Qe8 31. f3 Rd2 32. Re2 Rxe2 33. Nxe2 f5 34. Nd4 Bd7 35. Qc5 fxe4 36. Qd5+ Kh8 37. fxe4 Bc8 38. h3 h6 39. Nxb5 Qe7 40. Nd6 Qa7+ 41. Kh2 Qe3 42. Qe5 Bxh3 43. Ne8 1-0

[Event "Groningen op"]
[Site "Groningen"]
[Date "1994.??.??"]
[Round "5"]
[White "Douven, Rudy C"]
[Black "Sorin, Ariel"]
[Result "1/2-1/2"]
[WhiteElo "2400"]
[BlackElo "2485"]
[PlyCount "84"]
[EventDate "1994.12.??"]
[EventType "swiss"]
[EventRounds "11"]
[EventCountry "NED"]
[SourceTitle "CBM 045 Extra"]
[Source "ChessBase"]
[SourceDate "1995.05.01"]
[SourceVersion "1"]
[SourceVersionDate "1995.05.01"]
[SourceQuality "1"]

1. d4 Nf6 2. c4 g6 3. Nc3 Bg7 4. e4 d6 5. Nf3 0-0 6. Be2 e5 7. 0-0 Nbd7 8. Be3 Ng4 9. Bg5 f6 10. Bd2 c6 11. Qc2 Qe7 12. Rad1 exd4 13. Nxd4 f5 14. Bf4 fxe4 15. Bg3 Ndf6 16. Rfe1 e3 17. Bxg4 Nxg4 18. f3 Nf2 19. Bxf2 exf2+ 20. Qxf2 Qf7 21. Ne4 Qxc4 22. Nxd6 Qxa2 23. Ne8 Qf7 24. Nxg7 Qxg7 25. Qh4 Qf6 26. Qg3 c5 27. Nb5 Bf5 28. Nc7 Rad8 29. Nd5 Qxb2 30. Qc7 Rde8 31. Ne7+ Kh8 32. Qxc5 b6 33. Qc6 Qb4 34. Qc7 Rf7 35. Qe5+ Rg7 36. Qf6 h6 37. Nxg6+ Bxg6 38. Rxe8+ Bxe8 39. Qxh6+ Rh7 40. Qf6+ Kg8 41. Qe6+ Kf8 42. Qf6+ Kg8 1/2-1/2

[Event "NED-chT 9495"]
[Site "Netherlands"]
[Date "1994.??.??"]
[Round "8"]
[White "Douven, Rudy C"]
[Black "Speelman, Jonathan S"]
[Result "1/2-1/2"]
[WhiteElo "2390"]
[BlackElo "2605"]
[PlyCount "145"]
[EventDate "1994.??.??"]
[EventType "team"]
[EventRounds "9"]
[EventCountry "NED"]
[SourceTitle "EXT 1998"]
[Source "ChessBase"]
[SourceDate "1997.11.17"]
[SourceVersion "1"]
[SourceVersionDate "1997.11.17"]
[SourceQuality "1"]

1. d4 d6 2. c4 e5 3. Nc3 exd4 4. Qxd4 Nf6 5. e4 g6 6. Bg5 Nbd7 7. Qd2 Bg7 8. f3 0-0 9. Nh3 Re8 10. Nf2 Nc5 11. Be2 a6 12. Rd1 Bd7 13. 0-0 b5 14. Nd5 bxc4 15. Bxc4 Be6 16. b3 Ncd7 17. Qa5 Bxd5 18. Bxd5 Rb8 19. Qxa6 h6 20. Be3 Nxd5 21. Rxd5 Ra8 22. Qe2 Qe7 23. Qd2 Kh7 24. Ra5 Nf6 25. Rxa8 Rxa8 26. a4 Rb8 27. b4 Qe6 28. a5 d5 29. Bc5 dxe4 30. Nxe4 Nd7 31. Bf2 Ne5 32. Rb1 Nc4 33. Qa2 Qd5 34. a6 Rxb4 35. a7 Rb2 36. a8Q Rxb1+ 37. Qxb1 Qxa8 38. h4 Qa1 39. Qxa1 Bxa1 40. Bg3 Be5 41. Bxe5 Nxe5 42. Nf6+ Kh8 43. Kf2 c5 44. f4 Nc6 45. Ne4 c4 46. Ke3 Kg7 47. g4 Ne7 48. Kd4 f5 49. gxf5 Nxf5+ 50. Kxc4 Nxh4 51. Kd5 Kf7 52. Nf2 h5 53. Ke5 Nf5 54. Nh3 Nh6 55. Ng5+ Ke7 56. Ke4 Nf7 57. Nh7 Ke6 58. Nf8+ Kf6 59. Nd7+ Ke7 60. Nb6 Ke6 61. Ke3 Nd6 62. Kf3 Kf5 63. Nd5 Nc4 64. Kg3 Ke6 65. Nc7+ Kf5 66. Nd5 Nd2 67. Ne7+ Kf6 68. Nd5+ Ke6 69. Ne3 Ne4+ 70. Kh4 Kf6 71. f5 gxf5 72. Nxf5 Kxf5 73. Kxh5 1/2-1/2

[Event "Groningen op"]
[Site "Groningen"]
[Date "1994.??.??"]
[Round "7"]
[White "Douven, Rudy C"]
[Black "Szekely, Peter"]
[Result "1-0"]
[WhiteElo "2400"]
[BlackElo "2490"]
[PlyCount "120"]
[EventDate "1994.12.??"]
[EventType "swiss"]
[EventRounds "11"]
[EventCountry "NED"]
[SourceTitle "CBM 045 Extra"]
[Source "ChessBase"]
[SourceDate "1995.05.01"]
[SourceVersion "1"]
[SourceVersionDate "1995.05.01"]
[SourceQuality "1"]

1. d4 Nf6 2. c4 e6 3. Nf3 b6 4. g3 Ba6 5. b3 Bb4+ 6. Bd2 Be7 7. Bg2 Bb7 8. 0-0 0-0 9. Nc3 Na6 10. Bc1 d5 11. Ne5 Qc8 12. Bb2 Rd8 13. Rc1 c5 14. cxd5 exd5 15. e3 Qe6 16. Ne2 Rac8 17. Nf4 Qd6 18. Re1 Bf8 19. Qe2 Nc7 20. Bh3 Rb8 21. Red1 Re8 22. Qc2 Rbd8 23. Bg2 Na6 24. dxc5 bxc5 25. Nc4 Qe7 26. Bxf6 Qxf6 27. Nxd5 Bxd5 28. Rxd5 Rxd5 29. Bxd5 Nb4 30. Qd2 Rd8 31. e4 Be7 32. Rd1 Nc6 33. f4 Nd4 34. Qg2 Qa6 35. Ne5 Rf8 36. Rd2 Bf6 37. Nd7 Rd8 38. Nxf6+ gxf6 39. g4 Qa5 40. Rf2 Kf8 41. Qh3 Qe1+ 42. Kg2 Rxd5 43. exd5 Qe4+ 44. Kg1 Ne2+ 45. Kf1 Nd4 46. Kg1 Ne2+ 47. Rxe2 Qxe2 48. Qg2 Qd3 49. Kf2 Qd4+ 50. Kg3 Ke7 51. f5 Qe5+ 52. Kh4 Qf4 53. h3 Kd7 54. Qe2 Kd6 55. Qa6+ Kxd5 56. Qxf6 Ke4 57. Qxf7 Qh6+ 58. Qh5 Qf6+ 59. Qg5 Qf7 60. f6 Kf3 1-0

[Event "Groningen op"]
[Site "Groningen"]
[Date "1994.??.??"]
[Round "10"]
[White "Vehi Bach, Victor Manuel"]
[Black "Douven, Rudy C"]
[Result "1-0"]
[WhiteElo "2455"]
[BlackElo "2400"]
[PlyCount "49"]
[EventDate "1994.12.??"]
[EventType "swiss"]
[EventRounds "11"]
[EventCountry "NED"]
[SourceTitle "CBM 045 Extra"]
[Source "ChessBase"]
[SourceDate "1995.05.01"]
[SourceVersion "1"]
[SourceVersionDate "1995.05.01"]
[SourceQuality "1"]

1. d4 Nf6 2. Bg5 Ne4 3. Bf4 d5 4. f3 Nf6 5. Nc3 e6 6. e4 Bb4 7. Qd3 c5 8. dxc5 0-0 9. 0-0-0 Qa5 10. exd5 exd5 11. Nge2 Nc6 12. Qb5 Bxc5 13. Qxa5 Nxa5 14. Nxd5 Nxd5 15. Rxd5 b6 16. Nc3 Be6 17. Rd1 Rfd8 18. Ba6 Bc4 19. Bxc4 Nxc4 20. Nd5 f6 21. b3 Ba3+ 22. Kb1 Nd6 23. Rd3 g5 24. Nxf6+ Kf7 25. Bxd6 1-0

[Event "NED-chT"]
[Site "Netherlands"]
[Date "1993.??.??"]
[Round "2"]
[White "Douven, Rudy C"]
[Black "De Jager, Jaap"]
[Result "1/2-1/2"]
[WhiteElo "2410"]
[BlackElo "2215"]
[PlyCount "49"]
[EventDate "1993.??.??"]
[EventType "team"]
[EventRounds "11"]
[EventCountry "NED"]
[SourceTitle "EXT 1997"]
[Source "ChessBase"]
[SourceDate "1996.11.15"]
[SourceVersion "1"]
[SourceVersionDate "1996.11.15"]
[SourceQuality "1"]

1. d4 e6 2. c4 b6 3. Nc3 Bb7 4. Nf3 Nf6 5. a3 g6 6. Bg5 Bg7 7. Qc2 Bxf3 8. gxf3 h6 9. Bh4 Nc6 10. e3 0-0 11. f4 Qe8 12. 0-0-0 a6 13. Rg1 Ne7 14. e4 Kh7 15. Be2 b5 16. cxb5 axb5 17. Nxb5 Qb8 18. Bg3 Qb7 19. Nc3 d5 20. f3 Rfb8 21. Bh4 Ra5 22. Be1 Raa8 23. Bh4 Ra5 24. Be1 Raa8 25. Bh4 1/2-1/2

[Event "Groningen op"]
[Site "Groningen"]
[Date "1993.??.??"]
[Round "8"]
[White "Douven, Rudy C"]
[Black "Psakhis, Lev"]
[Result "0-1"]
[WhiteElo "2405"]
[BlackElo "2585"]
[PlyCount "82"]
[EventDate "1993.12.??"]
[EventType "swiss"]
[EventRounds "11"]
[EventCountry "NED"]
[SourceTitle "CBM 038 Extra"]
[Source "ChessBase"]
[SourceDate "1994.03.01"]
[SourceVersion "1"]
[SourceVersionDate "1994.03.01"]
[SourceQuality "1"]

1. d4 Nf6 2. c4 e6 3. Nf3 c5 4. d5 d6 5. Nc3 exd5 6. cxd5 g6 7. e4 a6 8. a4 Bg4 9. Qb3 Bxf3 10. Qxb7 Nbd7 11. gxf3 Bg7 12. Qc6 Qb8 13. Bxa6 0-0 14. Qb7 Ne5 15. Qxb8 Nxf3+ 16. Kf1 Rfxb8 17. Be2 Nd4 18. Bd1 Nd7 19. h4 c4 20. Ra2 Nc5 21. Bf4 Ra6 22. h5 Nd3 23. Bg3 Nxb2 24. hxg6 hxg6 25. Kg2 Nd3 26. Ne2 Nb3 27. f3 Rc8 28. Kh3 Nbc5 29. Rh2 Nb4 30. Ra3 Bb2 31. Re3 Ncd3 32. Nf4 Nxf4+ 33. Bxf4 Bc1 34. Kg3 Nd3 35. Bg5 f6 36. Bxf6 Bxe3 37. Rh8+ Kf7 38. Rxc8 Kxf6 39. Rxc4 Bf4+ 40. Kg2 Ra8 41. Bc2 Ne1+ 0-1